AU LIBRARIES
Centralized Library System Across Seven Campuses

Cost of Capital (Record no. 47629)

MARC details
000 -LEADER
fixed length control field 00542nam a22001817a 4500
005 - DATE AND TIME OF LATEST TRANSACTION
control field 20260601143007.0
008 - FIXED-LENGTH DATA ELEMENTS--GENERAL INFORMATION
fixed length control field 260601b |||||||| |||| 00| 0 eng d
020 ## - INTERNATIONAL STANDARD BOOK NUMBER
ISBN 978-1-118-55580-4
082 ## - DEWEY DECIMAL CLASSIFICATION NUMBER
Classification number 658.152
Author Mark PRA-C
100 ## - MAIN ENTRY--AUTHOR
Author Name Pratt , shannon P.
-- Grabowski, roger J.
245 ## - TITLE STATEMENT
Title Cost of Capital
Sub-Title Applications And Examples
250 ## - EDITION STATEMENT
Edition statement 5th Ed
Edition Volume Vol-I / Vol-II
260 ## - PUBLICATION, DISTRIBUTION, ETC.
Place of Publication New Jersey
Name of publisher, distributor, etc. John Wiley & Sons, Inc., Hoboken,
Date of publication, distribution, etc. 2014
300 ## - PHYSICAL DESCRIPTION
Pages 1345 p.
500 ## - GENERAL NOTE
General note Includes Index.
650 ## - SUBJECT ADDED ENTRY--TOPICAL TERM
Subject / Department Business Administration
942 ## - ADDED ENTRY ELEMENTS (KOHA)
Koha item type Book
Holdings
Withdrawn status Lost status Damaged status Not for loan Collection code Permanent Location Current Location Shelving Location Date acquired Source of acquisition Price Inventory number Total Checkouts Full Call Number Accession No./Barcode Date last seen Koha item type
        Business Administration Air University Kharian Campus Library Air University Kharian Campus Library Finance 04/09/2026 Ali Book Services 3374.00 KA/10221   658.152 PRA-C AUKHP0690 06/01/2026 Book
        Business Administration Air University Kharian Campus Library Air University Kharian Campus Library Finance 04/09/2026 Ali Book Services 3374.00 KA/10221   658.152 PRA-C AUKHP0691 06/01/2026 Book
Air University Sector E-9, Islamabad Pakistan
Email: librarian@au.edu.pk  Tel : +0092 51 9262612 Ext: 631